书目信息 |
| 题名: |
基础工程学
|
|
| 作者: | 陈国兴 , 樊良本 编著 | |
| 分册: | ||
| 出版信息: | 北京 中国水利水电出版社 2002.12 |
|
| 页数: | 408页 | |
| 开本: | 26cm | |
| 丛书名: | ||
| 单 册: | ||
| 中图分类: | TU47-43 | |
| 科图分类: | ||
| 主题词: | 地基--基础(工程)--高等学校--教材 | |
| 电子资源: | ||
| ISBN: | 7-5084-1271-0 | |
| 000 | 00876nam0 2200253 450 | |
| 001 | 0153816250 | |
| 005 | 20051018101756.24 | |
| 010 | @a7-5084-1271-0@dCNY38.00 | |
| 100 | @a20041118d2002 km y0chiy0120 ea | |
| 101 | 0 | @achi |
| 102 | @aCN@b110000 | |
| 105 | @aa a 000yy | |
| 200 | 1 | @a基础工程学@Aji chu gong cheng xue@f陈国兴, 樊良本等编著@Fchen guo xing,fan liang ben deng bian zhu |
| 210 | @a北京@c中国水利水电出版社@d2002.12 | |
| 215 | @a408页@c图@d26cm | |
| 320 | @a有书目。 | |
| 330 | @a本书内容包括:绪论、岩土工程勘察、天然地基上浅基础的设计、连续基础、桩基础设计、地基处理与复合地基等。 | |
| 333 | @a高等学校大土木工程专业新编教材 | |
| 606 | 0 | @a地基@x基础(工程)@x高等学校@x教材 |
| 690 | @aTU47-43@v4 | |
| 701 | 0 | @a陈国兴@Achen guo xing@4编著 |
| 701 | 0 | @a樊良本@Afan liang ben@4编著 |
| 801 | 0 | @aCN@bQSSK@c20051018 |
| 905 | @a10447@dTU47-43@eC427 | |
| 基础工程学/陈国兴, 樊良本等编著.-北京:中国水利水电出版社,2002.12 |
| 408页:图;26cm |
| 使用对象:高等学校大土木工程专业新编教材 |
| ISBN 7-5084-1271-0:CNY38.00 |
| 本书内容包括:绪论、岩土工程勘察、天然地基上浅基础的设计、连续基础、桩基础设计、地基处理与复合地基等。 |
| ● |
| 相关链接 |
|
|
|
正题名:基础工程学
索取号:TU47-43/C427
 
预约/预借
| 序号 | 登录号 | 条形码 | 馆藏地/架位号 | 状态 | 备注 |
| 1 | 569457 | 205694578 | 建筑库101/101建筑库 97排2列2层/ [索取号:TU47-43/C427] | 在馆 | |
| 2 | 569458 | 205694587 | 建筑库101/101建筑库 97排2列2层/ [索取号:TU47-43/C427] | 在馆 | |
| 3 | 569459 | 205694596 | 建筑库101/101建筑库 97排2列2层/ [索取号:TU47-43/C427] | 在馆 |